All Stan countries - Statistics

General Stats
  • This quiz has been taken 22 times
  • The average score is 7 of 7
Answer Stats
Hint Answer % Correct
4 Pakistan
100%
1 Afghanistan
95%
2 Kazakhstan
95%
3 Kyrgyzstan
95%
5 Tajikistan
95%
7 Uzbekistan
90%
6 Turkmenistan
86%
No matching quizzes found
Score Distribution
Percent of People with Each Score
Percentile by Number Answered
Your Score History
You have not taken this quiz